| 000 | 01020nam a2200313Ia 4500 | ||
|---|---|---|---|
| 001 | Para_9027 | ||
| 003 | CHAP | ||
| 008 | 220125s1994 xx 000 0 und d | ||
| 010 | _a207805 | ||
| 040 | _cCHAP | ||
| 082 | _aPA 633.95 L33 | ||
| 100 |
_aLagunes Tejeda, Angel _964465 |
||
| 245 |
_aEl bioensayo en el manejo de insecticidas y acaricidas / _c por Angel Lagunes-Tejeda y Manuel Vazquez Navarro |
||
| 260 |
_aMontecillos, Méx. : _b Colegio de Postgraduados |
||
| 300 | _a159 p. | ||
| 650 |
_aInsecticidas _958855 |
||
| 650 |
_aInsecticidas _x efecto en plantas _958871 |
||
| 650 |
_aInsecticidas _x efecto en suelos _958872 |
||
| 650 |
_aInsecticidas _x pruebas _958878 |
||
| 700 |
_aVázquez Navarro, Manuel _9174293 |
||
| 710 |
_aCentro de Entomología y Acarología. Colegio de Postgraduados _9174294 |
||
| 901 | _aPA 633.95 L33 | ||
| 902 | _aA | ||
| 905 | _a0000001994 i 0000000000 00 | ||
| 910 | _a1994 | ||
| 942 | _cPARA | ||
| 942 |
_cPARA _d1 |
||
| 999 |
_c207805 _d207805 |
||